Statistics for Isabel Allende Bibliography

Click here to take the quiz!

General Stats

  • This quiz has been taken 39 times
    (38 since last reset)
  • The average score is 25 of 47

Answer Stats

TypeYearName% Correct
Novel1982The House of the Spirits
100%
Novel2002City of the Beasts
89%
Novel1999Daughter of Fortune
89%
Novel1987Eva Luna
89%
Memoir2003My Invented Country: A Memoir
89%
Memoir1994Paula
89%
Novel2000Portrait in Sepia
89%
Novel1991The Infinite Plan
89%
Short Story Collection1989The Stories of Eva Luna
89%
Memoir1998Aphrodite: A Memoir of the Senses
83%
Novel2005Forest of the Pygmies
83%
Novel2004Kingdom of the Golden Dragon
83%
Novel1985Of Love and Shadows
83%
Novel2015The Japanese Lover
83%
Memoir2021The Soul of a Woman
83%
Novel2005Zorro
83%
Novel2019A Long Petal of the Sea
78%
Novel2006Inés of My Soul
78%
Novel2011Maya's Notebook
78%
Short Story1989Two Words
78%
Novel2017In the Midst of Winter
72%
Novel2009Island Beneath the Sea
72%
Memoir2008The Sum of Our Days: A Memoir
72%
Short Story1989Clarisa
67%
Novel2013Ripper
67%
Children's Novel1984The Porcelain Fat Lady
67%
Short Story1989The Gold of Tomas Vargas
56%
Short Story1989Walimai
56%
Short Story1989Wicked Girl
44%
Short Story1989If You Touched My Heart
28%
Short Story1989Ester Lucero
22%
Short Story1989The Judge's Wife
22%
Short Story1989Gift for a Sweetheart
11%
Short Story1989Interminable Life
11%
Short Story1989The Little Heidelberg
11%
Short Story1989The Proper Respect
11%
Short Story1989The Schoolteacher's Guest
11%
Short Story1989Toad's Mouth
11%
Short Story1989Tosca
11%
Short Story1989A Discreet Miracle
6%
Short Story1989And of Clay Are We Created
6%
Short Story1989Letters of Betrayed Love
6%
Short Story1989Our Secret
6%
Short Story1989Phantom Palace
6%
Short Story1989Revenge
6%
Short Story1989Simple Maria
6%
Short Story1989The Road North
6%

Score Distribution

Percentile by Number Answered

Percent of People with Each Score

Your Score History

You have not taken this quiz since the last reset